000 00607nam a2200229Ia 4500
003 OSt
005 20220924124257.0
006 a|||||r|||| 00| 0
007 ta
008 220923b |||||||| |||| 00| 0 urd d
024 _a312495
037 _cTextual
040 _aARTS
_cARTS
_burd
041 _2urd
_aurd
082 _aO168,1L271:g, L8
100 _aSaidi Asma
_9195368
245 0 _aDewan-e-Hasrat Azim Abadi
260 _aNew Delhi
_b NCPUL India
_c1978
650 _aURDU POETRY
942 _hO168,1L271:g, L8
_cTEXL
_2CC
999 _c419104
_d419104